000 00807nam a2200253Ia 4500
001 Para_3001
003 CHAP
008 220125s1988 xx 000 0 und d
010 _a201387
040 _cCHAP
082 _aPA 632.58 S6 1988
111 _aSouthern Weed Conference (41: 1988: Tulsa, Oklahoma)
_9108981
245 _aProceedings :
_b environmental legislation and its effects on weed science /
_c por Southern Weed Science Society
260 _aTulsa, Oklahoma :
_b The Society
300 _a477 p.
650 _aMalas hierbas
_x Control Medio ambiente
_x Protección Herbicidas
_9166295
901 _aPA 632.58 S6 1988
902 _aA
905 _a0000001988 TULai 0000000000 00
910 _a1988
942 _cPARA
942 _cPARA
_d1
999 _c201387
_d201387